000 00534 a2200169 4500
003 OSt
005 20250610134938.0
008 250528b |||||||| |||| 00| 0 eng d
020 _a9781606498408
040 _coclc
082 _a658.84
_bGAR/B
100 _aGarris, Molly
_910552
245 _aA Beginners guide to mobile marketing /
_cMolly Garris and Karen Mishra
260 _aNew York, NY, USA:
_bBusiness Expert Press,
_c2014.
300 _a147 pages
942 _2ddc
_cBK
_h658.84
_iGAR/B
_k658.84
_mGAR/B
999 _c44562
_d44562